[Event "Warsaw YMCA Spring-A 138th"]
[Site "Warsaw"]
[Date "2014.05.23"]
[Round "7"]
[White "Kasperkiewicz, Pawel"]
[Black "Delega, Tomasz"]
[Result "1/2-1/2"]
[WhiteElo "2020"]
[BlackElo "2100"]
[PlyCount "112"]
[EventDate "2014.04.08"]
[EventType "tourn"]
[EventRounds "11"]
[EventCountry "POL"]
[SourceTitle "EXT 2015"]
[Source "ChessBase"]
[SourceDate "2014.11.20"]
[SourceVersion "1"]
[SourceVersionDate "2014.11.20"]
[SourceQuality "1"]

1. e4 Nc6 2. d4 d5 3. Nc3 Nf6 4. e5 Nd7 5. Nxd5 Ndb8 6. Ne3 Qxd4 7. Qxd4 Nxd4 8. c3 Ne6 9. Nf3 Nc6 10. b3 g6 11. Bb2 Bg7 12. c4 b6 13. 0-0-0 Bb7 14. Nd5 a5 15. a3 0-0-0 16. Bd3 Nc5 17. Bc2 e6 18. Nf6 h6 19. Rhe1 Rxd1+ 20. Rxd1 Rd8 21. h4 Rxd1+ 22. Kxd1 Kd8 23. h5 g5 24. Ng4 Ne7 25. Ke2 Nf5 26. g3 Ba6 27. Nd2 Bb7 28. Nf3 Nd7 29. Nd4 Ne7 30. f4 gxf4 31. gxf4 Nc5 32. Ke3 Bg2 33. Nf2 Bf8 34. Ne4 Bh3 35. Nxc5 bxc5 36. Ne2 Bg4 37. Ng3 Nc6 38. a4 Be7 39. Be4 Nd4 40. Bc3 Nxb3 41. Bf3 Bxf3 42. Kxf3 Nd4+ 43. Bxd4 cxd4 44. Ke4 c5 45. Ne2 Kd7 46. Nc1 Kc6 47. Nd3 Bh4 48. Kf3 Bd8 49. Ke4 Be7 50. Kf3 Kd7 51. Ke4 Kc6 52. Kf3 Bf8 53. Ke4 Bg7 54. Kf3 f6 55. Ke4 Bh8 56. Kf3 f5 1/2-1/2